Highest Rated Pop Albums on AOTY.org - Statistics

General Stats
  • This quiz has been taken 24 times
  • The average score is 14 of 25
Answer Stats
Artist Year Answer % Correct
The Beatles 1967 Sgt. Pepper’s Lonely Hearts Club Band
88%
The Beatles 1969 Abbey Road
82%
Michael Jackson 1982 Thriller
82%
Frank Ocean 2016 Blonde
76%
Prince and the Revolution 1984 Purple Rain
76%
The Beatles 1966 Revolver
76%
Björk 2001 Vespertine
76%
Magdalena Bay 2024 Imaginal Disk
71%
The Beatles 1968 The Beatles
71%
David Bowie 1972 The Rise and Fall of Ziggy Stardust and the Spiders from Mars
71%
Björk 1997 Homogenic
65%
Kate Bush 1985 Hounds of Love
65%
Lana Del Rey 2019 Norman Fucking Rockwell!
59%
Radiohead 2016 A Moon Shaped Pool
53%
Sade 1992 Love Deluxe
53%
Björk 1995 Post
47%
George Harrison 1970 All Things Must Pass
41%
Kate Bush 1982 The Dreaming
41%
Weyes Blood 2019 Titanic Rising
41%
Depeche Mode 1990 Violator
41%
Madonna 1998 Ray of Light
35%
Sade 1984 Diamond Life
29%
Gustavo Cerati 1999 Bocanada
18%
Tatsuro Yamashita 1982 For You
6%
Sheena Ringo 2000 Winning Strip
6%
No matching quizzes found
Score Distribution
Percent of People with Each Score
Percentile by Number Answered
Your Score History
You have not taken this quiz